Statistics for 7 Spanish Words

Click here to take the quiz!

General Stats

  • This quiz has been taken 889 times
  • The average score is 5 of 7

Answer Stats

SpanishEnglish% Correct
CasaHouse
96%
GatoCat
93%
PerroDog
92%
AeropuertoAirport
89%
PuertaDoor
73%
CalleStreet
72%
PopoteStraw
18%

Score Distribution

Percentile by Number Answered

Percent of People with Each Score

Your Score History

You have not taken this quiz